000 00602nam a2200217Ii 4500
003 JO-AjNU
008 230606s9999||||xx |||||||||||||| ||und||
020 _a81-85749-08-6
040 _aJO-AjNU
_beng
_erda
_cJO-AjNU
041 _aeng
050 1 4 _aTK5102.9 2008
100 3 _aSharma, Sanjay,
_eauthor
_9286
245 0 0 _aSignals and Systems (with matlab programs)
250 _a6 ed
264 3 1 _aNew Delhi:S.K KATARIA,2008
300 _a838p
336 _atext
_btxt
_2rdacontent
337 _aunmediated
_bn
_2rdamedia
338 _avolume
_bnc
_2rdacarrier
650 4 _aSignals and Systems
_9287
999 _aE149
_c149
_d149